[Event "Andorra op 14th"]
[Site "Andorra"]
[Date "1996.??.??"]
[Round "6"]
[White "Psakhis, Lev"]
[Black "Pomes Marcet, Juan"]
[Result "1-0"]
[WhiteElo "2610"]
[BlackElo "2420"]
[Annotator "Psakhis,L"]
[PlyCount "93"]
[EventDate "1996.06.??"]
[EventType "swiss"]
[EventRounds "9"]
[EventCountry "AND"]
[SourceTitle "CBM 054 Extra"]
[Source "ChessBase"]
[SourceDate "1996.11.01"]
[SourceVersion "1"]
[SourceVersionDate "1996.11.01"]
[SourceQuality "1"]

1. e4 d5 2. exd5 Qxd5 3. Nc3 Qa5 4. d4 Nf6 5. Nf3 Bf5 6. Bc4 e6 7. Bd2 c6 8.
Ne4 Qc7 (8... Qd8 9. Ng3 Bg4 (9... Bg6 10. h4 Nh5 11. Qe2 Nd7 12. O-O-O Bd6 13.
Ne5 Nxg3 14. fxg3 Bxe5 15. dxe5 h5 16. Bb4 $36 {Svidler,P-Oll,L/Klooster/1996/
1:0/24/}) 10. c3 Nbd7 (10... Nh5 11. Qb3 Nxg3 12. hxg3 Bxf3 13. Qxb7 Bxg2 14.
Rh2 Nd7 15. Rxg2 Qc8 16. Ba6 $16 {Golod,V-Sergeev,V/Hlohovec/1994/1:0/37/}) (
10... Bd6 11. h3 Bxg3 12. hxg4 Bd6 13. g5 Nd5 14. Qc2 $16 {Vetemaa,J-Alho,S/
Tampere/1995/24/}) 11. h3 Bxf3 12. Qxf3 Bd6 13. Ne2 Qc7 14. g4 O-O 15. g5 $36 {
Bologan,V-Ionov,S/Kazan(RUSt-ch)/1995/}) 9. Ng3 $6 (9. Nxf6+ $5 gxf6 10. c3 Nd7
11. Qe2 O-O-O 12. Nh4 Bg6 13. g3 $14 {Bologan,V-Von Gleich,A/Riga op/1995/1:0/
56/}) 9... Bg6 10. Qe2 Nbd7 11. O-O-O Bd6 $10 12. Nh4 (12. Rhe1 O-O-O 13. Ne5
c5 $5) 12... O-O-O 13. Nxg6 hxg6 14. Ne4 Bf4 (14... Nxe4 $5 15. Qxe4 Nf6 16.
Qe3 $5 $13 (16. Qf3 Rxh2 17. Rxh2 Bxh2 18. Bg5 $10 (18. g3 Rxd4 19. Bd3 $13)))
15. g3 $1 Bxd2+ 16. Nxd2 Nb6 $1 17. c3 Nxc4 18. Nxc4 Nd7 (18... Rh3 19. Ne5
Rdh8 20. f4 $36) (18... Rd5 $5 19. h4 Rhd8 20. Rhe1 Kb8 $10) 19. Qf3 Rdf8 20.
h4 Nb6 21. Ne5 $14 Nd7 22. Nd3 (22. Rhe1 $5 Nxe5 $140 23. dxe5 Rd8 24. Rd6 $36)
22... Qa5 23. a3 Qd5 (23... Qf5 $5) (23... g5 $5) 24. Qe3 Rd8 25. Rhe1 Rhf8 26.
Ne5 $1 $14 Nxe5 $6 (26... Nf6 $5) 27. dxe5 Qa5 28. Qf4 $1 Qc7 (28... Rd5 29. c4
Rd7 30. Rxd7 Qxe1+ 31. Rd1 $16) 29. Rd6 Qe7 (29... Rxd6 $5 30. exd6 Qd7 $14)
30. Red1 $16 f6 (30... Rxd6 31. exd6 Qd7 32. Qd4 $18) 31. Qb4 (31. exf6 gxf6
32. Rxd8+ Rxd8 33. Rxd8+ Qxd8 34. Qe3 e5 35. Qxa7 Qd3 36. Qe3 $16) (31. Qd4
fxe5 (31... a6 32. f4) 32. Rxd8+ (32. Qxe5 Rxd6 33. Rxd6 Re8 (33... Rxf2 34.
Qxe6+ Qxe6 35. Rxe6 g5 $1 36. hxg5 Kd7 37. Rg6 Rf7 38. Kd2 $16) 34. f4 $36)
32... Rxd8 33. Qxa7 (33. Qxd8+ Qxd8 34. Rxd8+ Kxd8 35. Kd2 Ke7 36. Ke3 Kd6 37.
Ke4 a5 38. b3 b5 39. b4 a4 40. g4 c5 41. g5 c4 42. f3 Ke7 43. Kxe5 Kd7 44. f4
Ke7 $10) 33... Rxd1+ 34. Kxd1 g5 35. Qa8+ Kc7 36. Qa5+ Kd7 37. Qxe5 gxh4 38.
gxh4 $16) 31... Rxd6 $8 32. exd6 Qd7 33. Qg4 b6 (33... e5 $5) 34. Qxg6 Kb7 35.
Qe4 Re8 36. f4 e5 37. f5 (37. fxe5 $5 Rxe5 38. Qf4) 37... Rd8 38. c4 (38. g4
Qf7 39. c4 Qf8 40. Qd3 $18) 38... a5 39. b4 $6 (39. g4 $5 Qf7 40. b3 Qf8 41.
Qd3) (39. c5 $6 bxc5 40. Qc4 Qxf5 41. Qxc5 Qe6) 39... axb4 40. axb4 Ra8 $132
41. Kb2 Kb8 $1 (41... Ra4 42. Kb3 (42. b5 Ra8 43. g4 Rc8) 42... b5 43. cxb5
Qf7+ 44. Kc3 Ra3+ 45. Kd2 Qd5+ 46. Qxd5 cxd5 47. Rc1 $18) 42. Qc2 $6 (42. Qf3
$1 c5 (42... Qa7 43. Qb3) 43. bxc5 (43. b5 Qa7 44. Qb3 Kc8 45. d7+ Kd8 46. g4
e4) 43... bxc5 (43... Qa4 44. Qxa8+ $1 Kxa8 (44... Qxa8 45. d7 Kc7 46. d8=Q+
Qxd8 47. cxb6+ $18) 45. Ra1) 44. Qd5 Qb7+ (44... Qa4 45. Rb1 $1 $18 (45. Qg8+
Ka7)) 45. Qxb7+ Kxb7 46. d7 Rd8 47. Kc3 Kc6 48. Rd5 Rxd7 49. Rxd7 Kxd7 50. Kd3
Kc7 51. Ke4 Kd6 52. g4 Kc6 53. g5 Kd6 54. gxf6 gxf6 55. h5 Ke7 56. Kd5 $18)
42... c5 $1 (42... Qa7 43. Qb3 Qd7 44. g4) (42... b5 43. c5 Ra4 44. Qb3 Qxf5 (
44... Kb7 45. g4 g6 46. Qe6 Rxb4+ 47. Kc3 Rc4+ 48. Kb3 Kc8 49. Ra1 $18) 45.
Qxa4 $3 bxa4 46. d7 a3+ 47. Ka1 $18) 43. bxc5 (43. b5 Qa7 44. Qb3 Kc8 45. d7+
Kd8 46. g4 e4 47. g5 e3 48. gxf6 e2 49. Re1) 43... bxc5 44. Qd3 (44. Qb3+ Kc8
45. Rd5 Qa7 $1 (45... Ra5 46. Qb6 $18) (45... Kd8 46. Qb6+ Ke8 47. Rxc5) (45...
Qc6 46. Qb5 Qxb5+ 47. cxb5 Kd7 48. Kb3 Ra1 49. Rxc5 Kxd6 50. Rc6+ Kd5 (50...
Kd7 51. Ra6 Rg1 52. Ra7+ Kd6 53. Rxg7 Kc5 54. g4 Kxb5 (54... e4 55. g5) 55. g5
$18) 51. Rc7 Rg1 52. Rxg7) 46. d7+ Kd8 47. Kc2 Rb8 $17) (44. Rd5 Qa7 (44... Ra6
45. Qb3+ Ka7 46. Rxc5 Qxd6 (46... Rxd6 47. Ra5+ Ra6 $16) 47. Rd5 Qc6 48. c5 Ra5
(48... Ra4) 49. Rd7+ $1 Qxd7 50. Qb6+ Ka8 51. Qxa5+ Kb7 52. Qb6+ Ka8 53. c6
Qd2+ $10) 45. Kc1 $16) 44... Ra4 $2 (44... Ra6 $1 45. Qd5 $1 (45. Kc1 $5 Qb7
46. Qc3 Rb6 47. Rd5 Rb1+ 48. Kd2 Rb2+ 49. Kc1 Rb1+ $10) (45. Kc2 Ra2+ 46. Kc1
Qa4 $19) 45... Rb6+ (45... Qa4 46. Qg8+ Kb7 47. Qxg7+ Ka8 48. Qf8+ Kb7 49. Qe7+
Ka8 50. Qd8+ Kb7 51. Qc7+ Ka8 52. Qc8+ Ka7 53. Qxa6+ $18) 46. Kc3 Qa4 47. Kd2
$1 (47. Qxc5 Qb3+ (47... Rb3+ 48. Kd2 Rd3+ 49. Kxd3 Qxd1+ 50. Kc3 Qa1+ (50...
Qe1+ 51. Kb2 Qd2+ 52. Kb3 Qd1+ 53. Kb4 Qb1+ 54. Ka5 Qa2+ 55. Kb5)) 48. Kd2 Qb2+
49. Ke1 Qc3+ 50. Rd2 (50. Kf1 Qf3+ 51. Ke1 Qxg3+ 52. Kf1) 50... Qxg3+ $40)
47... Qa3 (47... Rb2+ 48. Ke3 Qa3+ 49. Qd3 $1 Rb3 50. Rb1 $1) 48. Ke2 Rb2+ 49.
Kf1 Rb3 (49... Qxg3 50. Qg8+ Kb7 51. Qf7+ Kb6 52. Qc7+ Ka6 53. Ra1+ $18) 50.
Qg8+ Ka7 51. Qxg7+ Ka6 52. d7 $18) 45. Rb1 $1 $18 Ra6 (45... Rb4+ 46. Kc3 Qa4
47. d7 Qa3+ 48. Kd2 Qxd3+ 49. Kxd3 Kc7 50. Rxb4 cxb4 51. g4 Kxd7 52. g5 $18
fxg5 53. hxg5 Kd6 54. g6 Ke7 55. c5 $18) 46. Kc1+ Ka7 (46... Kc8 47. Qd5 Qxd6
48. Qg8+ Kc7 49. Qb8+ Kd7 50. Rb7+) 47. Qb3 (47. Qb3 Qc8 48. d7 Qa8 49. d8=Q)
1-0

[Event "Donner Memorial"]
[Site "Amsterdam"]
[Date "1996.08.28"]
[Round "10"]
[White "De Firmian, Nick E"]
[Black "Granda Zuniga, Julio E"]
[Result "0-1"]
[WhiteElo "2575"]
[BlackElo "2610"]
[Annotator "Psakhis,L"]
[PlyCount "58"]
[EventDate "1996.08.17"]
[EventType "tourn"]
[EventRounds "11"]
[EventCountry "NED"]
[EventCategory "16"]
[SourceTitle "CBM 055"]
[Source "ChessBase"]
[SourceDate "1996.12.01"]
[SourceVersion "1"]
[SourceVersionDate "1996.12.01"]
[SourceQuality "1"]

1. e4 {Petursson Ftacnik} d5 2. exd5 Qxd5 3. d4 $6 (3. Nc3 $1) 3... e5 $5 4.
dxe5 Qxd1+ (4... Qxe5+ $6 5. Be2 (5. Qe2 {Ftacnik} Qxe2+ 6. Bxe2 Bf5 7. c3 Nf6
8. Bf4 c6 9. Nf3 Be7 10. Nbd2 Nbd7 11. O-O O-O 12. Rfe1 {1/2-1/2 Shumiakina,
T-Prudnikova,S/RUS-chW Elista (06)/1995/}) 5... Bg4 6. Be3 Bxe2 7. Qxe2 Ne7 8.
Nc3 Nbc6 9. Nf3 Qe6 10. O-O-O $16 {Ziatdinov-Welling,G/Amsterdam op/1994/1:0/
23/}) 5. Kxd1 Nc6 (5... Bc5 6. f4 Nc6 7. Nf3 Bf5 8. Bd3 O-O-O 9. Ke2 Bxd3+ 10.
cxd3 f6 $44 {Dochev,D-Panbukchian,V/Plovdiv op/1994/0:1/40/}) 6. f4 (6. Bb5
Bg4+ $5 7. f3 O-O-O+ 8. Bd2 Bd7 9. Bxc6 Bxc6 10. Nh3 Nh6 11. Re1 Nf5 12. Ng5
Rd7 $44 {Linker,T-Bandza,A/Wiesbaden op/1993/0:1/42/} (12... Rd7 {Ftacnik} 13.
Ne4 Nh4 14. Re2 Bxe4 15. Rxe4 Nxg2 16. Ke2 Be7 17. Rg4 Nh4 18. Rxg7 Ng6 19.
Rxf7 Nxe5 20. Rf5 Nc4 21. Bc3 Rg8 {Linker,T-Bandza,A/Wiesbaden op (04)/1993/
0-1 (42)})) (6. Nf3 {Ftacnik} Bg4 7. Bf4 Nge7 8. Bb5 O-O-O+ 9. Nbd2 Bxf3+ 10.
gxf3 Nxe5 11. Bxe5 Rd5 12. Bc4 Rxe5 13. Bxf7 Nc6 14. f4 Re7 15. Bd5 Nb4 16. Bc4
g6 17. c3 Nc6 18. Re1 Rxe1+ 19. Kxe1 Bh6 20. Ne4 Bxf4 21. h3 {1/2-1/2 Orel,
O-Marinsek,T/Bled op/1993/}) 6... Bf5 7. c3 (7. Nf3 O-O-O+ 8. Bd2 Nb4 (8... Bc5
$5) (8... f6 $44 {Ftacnik}) 9. Na3 Nd5 $5) 7... O-O-O+ 8. Ke1 (8. Nd2 g5 $5 (
8... f6 $17 {Ftacnik}) 9. Bb5 (9. fxg5 Nxe5 10. Ke1 Re8 11. Be2 h6 $5 $36) 9...
Be4 $1 10. Ngf3 gxf4) 8... f6 9. Bb5 $6 (9. Nf3 $5 Re8 10. Bb5 Bd7 11. Bxc6
Bxc6 12. Nbd2 fxe5 13. fxe5 Bd6 14. Nc4 Bxf3 15. gxf3 Bxe5 16. Nxe5 Rxe5+ 17.
Kf2 $10) (9. exf6 {Ftacnik} Nxf6 10. Bb5 Bc5 $17) 9... fxe5 (9... Be4 $5) 10.
Bxc6 bxc6 11. fxe5 Bc5 12. Nf3 (12. b4 $5 {Ftacnik} Bxg1 (12... Be7 13. Nf3 $14
) 13. Rxg1 Re8 14. Bf4 Ne7 $13) 12... Nf6 $1 13. Bg5 (13. exf6 $2 Rhe8+ 14. Be3
Rxe3+ 15. Kf2 Rxc3+ 16. Kg3 Rc4 $19) (13. b4 $5 {Ftacnik} Bb6 (13... Bxb1 14.
Rxb1 Ne4 15. bxc5 Nxc3 16. Bb2 Nxb1 17. Ke2 $16) (13... Bc2 14. Bd2 Rhe8 15.
bxc5 Ng4 16. Na3 Nxe5 17. Kf2 Nxf3 18. Bf4 $16) 14. c4 c5 15. exf6 Rhe8+ 16.
Kf2 cxb4+ 17. Kg3 gxf6 18. Kf4 (18. h3 {Petursson} Re2 $44) 18... Bd3 $13)
13... h6 14. Bh4 (14. Bxf6 gxf6 15. Nbd2 fxe5 $17) 14... g5 15. Bf2 (15. exf6 {
Ftacnik} Rhe8+ 16. Kf1 Bd3#) (15. Bg3 {Ftacnik} Ng4 16. Na3 Ne3 $17) 15...
Bxf2+ 16. Kxf2 Ng4+ 17. Kg3 (17. Ke1 Rhe8 $19) 17... h5 $1 {Petursson: Wilder
than the solid 17....Rhe8 or 17....Rd3 that regain the pawn} 18. h4 (18. Nxg5
h4+ 19. Kf4 Rdf8 $36 (19... Rdf8 {Ftacnik} 20. Rg1 Be6+ 21. Ke4 Bd5+ 22. Kd3
Nxe5+ 23. Kd4 Rf4+ $17)) 18... gxh4+ 19. Nxh4 (19. Kxh4 Ne3 (19... Rdg8 $5) (
19... Rdg8 $17 {Ftacnik}) 20. Kg5 (20. Na3 {Petursson} Rhg8 $19) 20... Bg4 $17)
(19. Rxh4 {Ftacnik} Rd1 $1 20. Nfd2 Nxe5 $19) 19... Bh7 $5 (19... Bxb1 20.
Raxb1 Nxe5 21. Nf5 $5 Rhg8+ 22. Kh3 Rg5 $15) 20. Nf3 (20. Re1 Rd3+ 21. Nf3 (21.
Kf4 Ne3 $1 22. Kg5 (22. Rxe3 Rf8+) 22... Nc2 23. Na3 Nxa1 24. Rxa1 Rg3+ 25. Kf6
Kd8 $1 $19) 21... Ne3 $17) (20. Na3 Nxe5 $15) 20... Rhg8 21. Rxh5 (21. Kh4 Nf2
$1 22. Kxh5 Bd3 $19) (21. e6 Ne3+ 22. Ng5 (22. Kf2 Rxg2+ $1 23. Kxe3 Rd3+ 24.
Kf4 Rg4+ 25. Ke5 Rxf3 $19 (25... Rxf3 26. e7 Re4#)) (22. Kh4 Nxg2+ 23. Kxh5 Be4
$19) 22... Rxg5+ 23. Kf4 Rb5 $1 24. Kxe3 Rd3+ 25. Kf2 (25. Kf4 Rf5+ 26. Ke4
Rf1+ 27. Ke5 Rd5#) 25... Rxb2+ 26. Kg1 Rd1+ 27. Kh2 Rxh1+ 28. Kxh1 Rxb1+ $19)
21... Nf6+ 22. Rg5 (22. Kh4 Nxh5 23. Kxh5 Rd1 $19) 22... Ne4+ 23. Kh4 (23. Kf4
Nxg5 24. Nxg5 Rdf8+ 25. Kg4 Rf5 $19) 23... Nxg5 24. Nxg5 Rd1 $19 25. e6 (25.
Nxh7 {Ftacnik} Rh1#) 25... Rg1 (25... Bxb1 $5) 26. Nd2 (26. e7 {Ftacnik} Kd7
$19) 26... Rxa1 27. Ndf3 Be4 28. Nd4 (28. Nxe4 {Ftacnik} Rh1+ 29. Nh2 Rxh2#)
28... c5 29. Nb3 Rg1 0-1

[Event "Canadian op"]
[Site "Winnipeg"]
[Date "1997.07.16"]
[Round "6"]
[White "Psakhis, Lev"]
[Black "Shabalov, Alexander"]
[Result "1-0"]
[WhiteElo "2565"]
[BlackElo "2585"]
[Annotator "Psakhis,L"]
[PlyCount "71"]
[EventDate "1997.07.12"]
[EventType "swiss"]
[EventRounds "9"]
[EventCountry "CAN"]
[SourceTitle "CBM 060 Extra"]
[Source "ChessBase"]
[SourceDate "1997.11.04"]
[SourceVersion "1"]
[SourceVersionDate "1997.11.04"]
[SourceQuality "1"]

1. e4 d5 2. exd5 Qxd5 3. Nc3 Qa5 4. d4 Nf6 5. Nf3 c6 6. Bc4 Bf5 7. Bd2 Qc7 (
7... e6 $5 8. Qe2 Bb4) 8. Ne5 e6 9. g4 Bg6 $5 (9... Be4 10. Nxe4 Nxe4 11. Bf4
Nd7 12. Qf3 Qa5+ 13. c3 Nef6 14. O-O-O Nxe5 15. Bxe5 Nd7 16. Bg3 Be7 17. h4 $16
{1-0 Kortchnoi,V-Reshko,A/Leningrad 1957 (26)}) 10. Qe2 {N} (10. h4 Bd6 (10...
Nbd7 11. Qe2 Nxe5 12. dxe5 Nxg4 13. Qxg4 Qxe5+ 14. Qe2 Qxe2+ 15. Kxe2 Bxc2 16.
Bd3 Bxd3+ 17. Kxd3 O-O-O+ 18. Ke2 Be7 $13 {1/2-1/2 Manca,F-Mackay,I/EU-chJ
Arnhem 1988 (43)}) 11. Nxg6 hxg6 12. g5 Nd5 13. Ne4 Nd7 14. Nxd6+ Qxd6 15. Qf3
Nb4 16. Qc3 Nd5 17. Qb3 N7b6 $11 18. Be2 Nf4 19. Qb4 Qxb4 20. Bxb4 Ng2+ 21. Kd2
Nxh4 {1/2-1/2 Vojenciakova,M-Sivakumaran,S/WchG 1993}) 10... b5 11. Bd3 (11.
Nxb5 $5 cxb5 12. Bxb5+ Kd8 (12... Nbd7 $6 13. g5 Qb7 (13... Bh5 14. f3) 14. Bc6
Qxb2 15. O-O $16) (12... Nfd7 $2 13. Qf3 $18) 13. Nxg6 hxg6 14. Qf3 Nd5 (14...
Qb6 15. c4 a6 $2 16. Qxa8 $18 axb5 $140 17. Ba5) 15. c4 a6 (15... Bb4 16. Bxb4
(16. cxd5 Bxd2+ 17. Kxd2 Qa5+ 18. Kc1 Qxb5 19. dxe6 Nc6 $132) 16... Nxb4 17.
Qxa8 Nc2+ 18. Ke2 $1 Nxd4+ (18... Nxa1 19. Rxa1 Rxh2 20. Rh1 $1 $18) 19. Kf1
Nxb5 20. cxb5 Qc4+ 21. Kg1 Qxg4+ 22. Qg2 $16) (15... Qb7 16. Ba5+ Kc8 (16...
Ke7 17. Qa3+ Kf6 18. g5+ $1 Kxg5 19. Qg3+ Kh5 (19... Kf6 20. Bd8+ $1 Kf5 21.
Qe5+ Kg4 22. Rg1+) 20. Rg1 $1 $18) 17. cxd5 Qxb5 18. Rc1+ Kb7 19. dxe6+ Nc6 (
19... Ka6 20. Bd2) 20. Rc3 $1 $40) (15... Nb6 $2 16. Ba5 a6 17. c5 $18) (15...
Qb6 16. cxd5 Qxb5 17. dxe6 Nc6 18. Rc1 Rc8 19. Qxf7 (19. d5 Nd4 $1 20. Bg5+ Be7
$1 21. Bxe7+ Kxe7 22. Qxf7+ Kd6 23. Qf4+ Kxd5 $19) 19... Qd5 20. O-O $1 $18)
16. cxd5 axb5 17. dxe6 Qc6 18. d5 $36) (11. Bb3 b4 12. Na4 Nbd7 $13) 11... Bb4
12. f4 Bxd3 13. Qxd3 Nbd7 $11 14. Ne2 $5 a5 $1 (14... Bxd2+ 15. Qxd2 Nxe5 16.
fxe5 Nxg4 17. Rg1 $44) 15. O-O-O O-O 16. Kb1 (16. Qf3 Nd5) 16... Rfd8 17. Bc1
c5 $2 (17... a4 $5 $13) 18. Qxb5 $1 Nxe5 (18... Rab8 19. Qc6 $18) 19. dxe5 Nxg4
(19... Rdb8 20. Qc4 Nxg4 21. Rhg1 Nxh2 22. Qe4 $18) (19... Rab8 $5 20. Rxd8+
Qxd8 21. Rd1 $1 Qc8 22. Qd3 c4 23. Qg3 Nd5 $16) 20. c3 Ba3 $1 (20... Rab8 21.
Rxd8+ Qxd8 22. Rd1 Qc8 23. Qd7 $18) 21. Rxd8+ $138 (21. Qa4 $1 Nf2 22. Rxd8+
Qxd8 23. Rf1 $18) 21... Rxd8 22. Rd1 $1 Rb8 23. Qd7 (23. Qa4 $5) 23... Qxd7 24.
Rxd7 c4 $1 25. Nd4 h5 (25... Nxh2 26. Nc6 $18) 26. Nc6 Rb5 (26... Rb6 27. Nxa5
$18) 27. Kc2 (27. h4 a4 28. Ra7 Bc5 29. Rxa4 Bf2 30. Rxc4 Bxh4 31. a4 $18)
27... Bc5 (27... Bf8 $5 28. h3 Nf2 29. Rd8 f5 (29... g6 30. f5 $1) 30. a4 Rc5
31. Nb8 $18) 28. a4 Rb6 29. Nxa5 $18 Nxh2 30. Nxc4 Rc6 (30... Ra6 31. a5) 31.
Nd6 h4 (31... f6 32. Ne4) 32. Nxf7 Nf3 33. Ng5 $1 Nxg5 34. fxg5 h3 35. Rd3 h2
36. Rh3 (36. Rh3 Bg1 37. Bf4 Rc4 38. Bxh2 Bxh2 39. b3 $5 $18) 1-0

[Event "ISR-chT"]
[Site "Ramat Aviv"]
[Date "2000.01.21"]
[Round "2.1"]
[White "Psakhis, Lev"]
[Black "Manor, Ilan"]
[Result "1-0"]
[WhiteElo "2599"]
[BlackElo "2504"]
[Annotator "Psakhis,L"]
[PlyCount "64"]
[EventDate "2000.01.14"]
[EventType "team"]
[EventRounds "11"]
[EventCountry "ISR"]
[SourceTitle "CBM 074 Extra"]
[Source "ChessBase"]
[SourceDate "2000.03.10"]
[SourceVersion "2"]
[SourceVersionDate "2000.03.10"]
[SourceQuality "1"]
[WhiteTeam "Rishon Le Zion Kasparov"]
[BlackTeam "Tel Aviv Ironi"]
[WhiteTeamCountry "ISR"]
[BlackTeamCountry "ISR"]

1. e4 d5 {Scandinavian defense became nowadays one of the most fashionable
opening in israeli tournaments.} 2. exd5 Nf6 3. Nf3 Nxd5 4. d4 g6 5. c4 Nb6 6.
h3 Bg7 7. Nc3 O-O 8. Be3 Nc6 9. Be2 ({As usual white choose in this position} 
9. Qd2 e5 10. d5 Ne7 11. g4 {with big complications}) 9... e5 10. d5 Ne7 11. g4
{[%mdl 64]} Re8 $146 {[%cal Ge5e4] New move was made by Manor after long
meditation. Balck tried before or} (11... e4 12. Nxe4 f5 13. Nc5 fxg4 14. hxg4
Rxf3 15. Bxf3 Nxc4 16. Qb3 Nd6 17. O-O-O Qf8 18. Bg5 h6 19. Bd2 g5 20. Qd3 Qf6
21. Bc3 Qf4+ 22. Kb1 Qf7 23. Rde1 {1-0 Hein,L-Lendvai,N/Gyor 1991 (30)}) ({
or, more often} 11... f5 12. Qb3 Nd7 (12... Kh8 13. O-O-O Nd7 (13... e4 14. Ng5
h6 15. c5 hxg5 16. h4 Be5 17. h5 f4 18. hxg6+ Kg7 19. Rh7+ Kxg6 20. Rdh1 Ng8
21. d6 Bg7 22. Bd4 Nf6 23. Bf3 Qe8 24. Bxe4+ Qxe4 25. Rxg7+ Kxg7 26. Nxe4 {
1-0 Rodriguez,A-Bademian,J/Semifinal 1990 (26)}) 14. Ng5 Nf6 15. Nb5 a6 16. Na7
f4 17. Nxc8 fxe3 18. Nxe7 Qxe7 19. Qxe3 Bh6 20. h4 Nd7 21. Kb1 Rae8 22. Rh2 $16
{1-0 Rodriguez,A-Gomez Baillo,J/Pico Sity op 1996 (27)}) 13. O-O-O {with nice
posoition for white, for example} f4 14. Bd2 Nc5 15. Qa3 b6 16. b4 Nb7 17. Rhe1
c6 18. dxc6 Nxc6 19. Bxf4 $18 {1-0 Gabriel,C-Loncar,R/Pula op 1997 (33)}) 12.
Qb3 {[%cal Gc4c5]} Nd7 13. c5 b6 14. Ng5 {[%cal Rd5d6,Rb3f7] Black position
looks formidable, but everything is not so easy} (14. Bc4 Rf8 $5 (14... Nxc5
15. Bxc5 bxc5 16. d6 cxd6 17. Bxf7+ Kh8 18. Bxe8 Qxe8 19. Ng5 d5 20. Nxd5 h6))
14... Rf8 ({Deserves attention} 14... h6 $5 {and I didn't found force victory
for white, for example} 15. Nxf7 (15. Ne6 fxe6 16. dxe6 Nxc5 (16... Nf8 17. Rd1
Bxe6 18. Rxd8 Bxb3 19. Rxa8 Rxa8 20. axb3 $36) 17. Bxc5 Bb7 $1) 15... Kxf7 16.
d6+ Kf8 17. Nb5 (17. dxe7+ Qxe7 18. Nd5 Nxc5 19. Nxe7 Nxb3 20. Nxg6+ Kf7 21.
axb3 Kxg6 $13) 17... c6 (17... Nxc5 18. Bxc5 bxc5 19. Qf3+) (17... Nc6 18. Nxc7
Bb7 $132)) 15. c6 (15. Bf3 $142 $5) 15... Nc5 16. Bxc5 bxc5 17. Nge4 {[%csl
Rc5]} Kh8 18. O-O-O f5 19. gxf5 gxf5 {[%csl Gg7][%cal Ga8b8] I won pawn, but
Manor managed to organised counterplay, which partly compensate small material
deficit} 20. Nxc5 e4 $6 (20... Qd6 21. Qc4 {was stronger} e4 $132) 21. Ne6 Bxe6
22. dxe6 Qe8 (22... Qc8 23. Rd7 Nxc6 24. Rxg7 Kxg7 25. Rg1+ Kh8 26. Qd5 $18)
23. Rd7 Rb8 24. Qc4 Qg6 (24... Rb6 25. Qc5 Bh6+ (25... Bf6 26. Bb5 $1) (25...
Nxc6 26. Rxg7 Kxg7 27. Rg1+ Kh6 28. Nd5 $18)) 25. Kb1 $1 Qf6 26. Rc1 {[%csl
Gc6,Gd7,Ge6] White made all prophylaxis moves and now his advantage is obvious}
Rfc8 27. Qc5 Ng6 (27... Bf8 28. Ba6) 28. e7 $18 Ne5 (28... Re8 $5 29. Rxc7 Nxe7
30. Rc2 $18) 29. Ba6 (29. Bh5 $2 Nd3 30. Rxd3 exd3 31. Re1 Re8 $17) 29... Nxd7
(29... Re8 30. Rxc7) 30. cxd7 Qxa6 31. dxc8=Q+ Rxc8 32. Qxf5 Qd3+ $138 1-0

[Event "Vandoeuvre op 11th"]
[Site "Vandoeuvre"]
[Date "2014.12.28"]
[Round "6"]
[White "Narciso Dublan, Marc"]
[Black "Taddei, Benoit"]
[Result "1/2-1/2"]
[WhiteElo "2515"]
[BlackElo "2340"]
[Annotator "RR"]
[PlyCount "129"]
[EventDate "2014.12.26"]
[EventType "swiss"]
[EventRounds "9"]
[EventCountry "FRA"]
[SourceTitle "EXT 2017"]
[Source "ChessBase"]
[SourceDate "2016.10.25"]
[SourceVersion "1"]
[SourceVersionDate "2016.10.25"]
[SourceQuality "1"]

1. e4 {90} Nc6 2. d4 d5 3. exd5 Qxd5 4. Nf3 Bg4 {La partie a transposé dans
une Scandinave} 5. Be2 O-O-O 6. Be3 (6. c4) 6... Nh6 $5 {[%cal Gh6f5,Gf5e3,
Gf5d4]} (6... Nf6 {La grande ligne} 7. O-O e6) 7. Nbd2 {61} Nf5 {57} 8. c4 Qa5
9. O-O {56} e6 {43} (9... Bxf3 10. Nxf3 {Spraggett,K (2597)-Perez,R (2322)
Figueira da Foz op 5th 2008 (8) 1-0}) 10. a3 Bxf3 11. Nxf3 {47} Qb6 {16 Les
Noirs sont déjà en zeitnot!} 12. c5 $1 {33} Qxb2 13. Rb1 Qxa3 14. Rb3 Qa2 15.
Bb5 {12 Les deux adversaires sont maintenant en zeitnot avec une position
très complexe.} Ncxd4 $5 {6} (15... Nfxd4) 16. Nxd4 Bxc5 (16... Nxd4 17. Bxd4
Bxc5 $17) 17. Qc2 Qxc2 18. Nxc2 Nxe3 19. Nxe3 c6 (19... a6) 20. Be2 $13 {
Pour l'instant, la pièce supplémentaire des Blancs est un peu meilleure que
les 03 P car les Noirs peuvent difficilement mobiliser la majorité sans
affaiblir la sécurité mais les échanges de pièces doivent favoriser les
Noirs et la position reste équilibrée} Rd2 $1 21. Bf3 Rhd8 22. Nc4 Rc2 23.
Ne5 Rdd2 $1 {[%csl Rf2]} 24. Kh1 f6 $17 25. Nd3 Bxf2 {03} 26. Nf4 Bb6 $2 $138 (
26... e5 $142 27. Nd3 Bd4 $19) 27. Nxe6 g6 28. Nf8 {[%csl Rg6,Rh7]} f5 29. Nxh7
Bd8 30. h3 g5 31. Nf8 Rd6 32. Rfb1 Rf6 (32... g4 $5 33. hxg4 Rh6+) 33. Nh7 Rf7
34. Bh5 Rg7 35. Nf8 $1 {[%cal Gf8e6,Ge6d8,Ge6g7]} g4 $2 {Trop tard!} (35... Re7
) 36. Ne6 $40 {Retour de baton pour les Noirs qui ont raté le gain quelques
coups plus tôt et dont la position s'est dégradée.} Re7 37. Nxd8 Kxd8 38.
hxg4 Ree2 39. gxf5 Rxg2 40. Rh3 (40. Bf3 $1 Rh2+ 41. Kg1 {[%csl Gf3,Gf5]})
40... Rg5 41. f6 Rf2 42. f7 {[%cal Gb1e1,Ge1e8]} Kc7 43. Bf3 Rf5 44. Rh7 $1 Kd6
45. Bh5 b5 46. Rd1+ Kc5 47. Rc1+ Kb6 48. Rh6 Rxh5+ $1 49. Rxh5 Rxf7 {[%csl Rh1]
Le gain Blanc n'est pas évident et au surplus, la finale se joue avec
seulement les 30 secondes d'incrément à la pendule} 50. Rh6 Rc7 {[%cal Ga7a5]
} 51. Kg2 b4 (51... a5) 52. Kf3 Kb5 53. Ke4 a5 54. Rh5+ c5 55. Kd5 b3 $132 56.
Rh8 Rd7+ 57. Ke6 Rb7 58. Kd6 b2 (58... Rb6+ 59. Kd5 c4 60. Rxc4 b2 $1) 59. Rb1
Kc4 60. Ra8 Kc3 61. Kxc5 Kc2 62. Rxb2+ $1 Kxb2 63. Rxa5 Kb3 64. Rb5+ Rxb5+ 65.
Kxb5 1/2-1/2